[Event "4NCL Division 2a"]
[Site "Hinckley Island ENG"]
[Date "2014.11.15"]
[Round "1.38"]
[White "Haridas, Girinath"]
[Black "Gregory, Steve"]
[Result "1-0"]
[WhiteElo "1815"]
[BlackElo "2083"]
[PlyCount "83"]
[EventDate "2014.11.15"]
[WhiteTeam "KJCA Kings"]
[BlackTeam "Anglian Avengers 1"]

1. d4 Nf6 2. c4 Nc6 3. Nf3 d6 4. Nc3 e5 5. d5 Ne7 6. e4 Ng6 7. g3 Be7 8. Bg2
O-O 9. O-O c6 10. h3 cxd5 11. cxd5 Bd7 12. a4 Ne8 13. Kh2 Nc7 14. Qe2 Qe8 15.
a5 Nb5 16. Rd1 Rc8 17. Be3 Rxc3 18. bxc3 Nxc3 19. Qb2 Nxd1 20. Rxd1 Qb8 21. Rb1
Bc8 22. Nd2 Bd8 23. Nc4 f5 24. exf5 Rxf5 25. g4 Rf7 26. Be4 Nf4 27. Qc2 h6 28.
Nxd6 Qxd6 29. Qxc8 Rc7 30. Qb8 Qd7 31. Bxa7 Kf7 32. Bb6 Rc3 33. f3 Qa4 34.
Qxb7+ Be7 35. Bf2 Qa3 36. d6 Qxd6 37. a6 Qd2 38. Qb2 Qxb2 39. Rxb2 Ra3 40. a7
Bh4 41. a8=Q Rxa8 42. Bxa8 1-0

[Event "4NCL Division 2a"]
[Site "Hinckley Island ENG"]
[Date "2014.11.15"]
[Round "1.41"]
[White "Padilla-Cabero, Pablo"]
[Black "Lee, Richard WY"]
[Result "1/2-1/2"]
[WhiteElo "2160"]
[BlackElo "2149"]
[PlyCount "123"]
[EventDate "2014.11.15"]
[WhiteTeam "Brown Jack Witney"]
[BlackTeam "Cambridge University 2"]

1. e4 e6 2. d4 d5 3. e5 c5 4. c3 Qb6 5. Ne2 Nc6 6. g3 cxd4 7. cxd4 Nge7 8. Bh3
Nf5 9. Bxf5 exf5 10. Nbc3 Be6 11. Rb1 Bb4 12. Qd3 O-O 13. O-O Rac8 14. Rd1 Qc7
15. Nb5 Qd8 16. a3 Be7 17. b4 a5 18. Bd2 axb4 19. axb4 Qd7 20. Nd6 Bxd6 21.
exd6 Qxd6 22. b5 Ne7 23. Bb4 Qd7 24. Bc5 Ra8 25. Ra1 Rfe8 26. f4 Kh8 27. Nc3
Ng8 28. b6 Nf6 29. Nb5 Ne4 30. Nc7 Rxa1 31. Rxa1 Rd8 32. Ra7 Qc6 33. Qa3 h6 34.
Qb4 Kh7 35. Qb5 Bd7 36. Qb4 g5 37. fxg5 hxg5 38. Ra2 f4 39. gxf4 gxf4 40. Qe1
Rg8+ 41. Kh1 Nxc5 42. Qh4+ Qh6 43. Qxh6+ Kxh6 44. dxc5 d4 45. h3 d3 46. Rd2
Bc6+ 47. Kh2 Rg3 48. Rb2 Re3 49. Kg1 Rxh3 50. Rd2 Rh1+ 51. Kf2 Rh2+ 52. Ke1
Rh1+ 53. Kf2 Rh2+ 54. Ke1 Rxd2 55. Kxd2 f3 56. Kxd3 Kg5 57. Ke3 Kg4 58. Kf2 Kf4
59. Na8 Ke4 60. Nc7 Kd4 61. Na8 Kxc5 62. Ke3 1/2-1/2

[Event "4NCL Division 2a"]
[Site "Hinckley Island ENG"]
[Date "2014.11.15"]
[Round "1.42"]
[White "Hill, Alistair"]
[Black "Girdlestone, Paul"]
[Result "1/2-1/2"]
[WhiteElo "2099"]
[BlackElo "2128"]
[PlyCount "69"]
[EventDate "2014.11.15"]
[WhiteTeam "Cambridge University 2"]
[BlackTeam "Brown Jack Witney"]

1. c4 e5 2. Nc3 Nc6 3. g3 g6 4. Bg2 Bg7 5. e3 d6 6. Nge2 Nge7 7. O-O O-O 8. b3
Bf5 9. d4 exd4 10. exd4 Qd7 11. Bb2 Rae8 12. Qd2 Bh3 13. d5 Bxg2 14. Kxg2 Nd8
15. Nd4 Qg4 16. Ncb5 Qd7 17. Nf3 Bxb2 18. Qxb2 Nxd5 19. Qd4 Nb6 20. Ng5 Re5 21.
h4 a6 22. Nc3 Qc6+ 23. Kg1 Rfe8 24. f3 f5 25. Kf2 h6 26. Nh3 Ne6 27. Qd2 Qc5+
28. Kg2 Qe3 29. Rad1 g5 30. hxg5 Qxd2+ 31. Rxd2 hxg5 32. Nd5 Nxd5 33. cxd5 g4
34. fxg4 fxg4 35. Nf2 1/2-1/2

[Event "4NCL Division 2a"]
[Site "Hinckley Island ENG"]
[Date "2014.11.15"]
[Round "1.43"]
[White "Martin, Lewis"]
[Black "Beckett, Chris J"]
[Result "0-1"]
[WhiteElo "2093"]
[BlackElo "2144"]
[PlyCount "54"]
[EventDate "2014.11.15"]
[WhiteTeam "Brown Jack Witney"]
[BlackTeam "Cambridge University 2"]

1. d4 Nf6 2. c4 e6 3. Nf3 Bb4+ 4. Bd2 Qe7 5. Nc3 O-O 6. e3 d6 7. Bd3 e5 8. dxe5
dxe5 9. Qc2 Bxc3 10. Bxc3 Nc6 11. a3 a5 12. h3 Rd8 13. O-O-O Rxd3 14. Qxd3 e4
15. Bxf6 gxf6 16. Qc3 exf3 17. gxf3 Qe5 18. Qd3 Bf5 19. e4 Qf4+ 20. Kb1 Be6 21.
Qb3 b6 22. Qb5 Ne5 23. Rc1 Qxf3 24. c5 Qxe4+ 25. Ka1 Qd5 26. b3 Qd4+ 27. Ka2 a4
0-1

[Event "4NCL Division 2a"]
[Site "Hinckley Island ENG"]
[Date "2014.11.15"]
[Round "1.45"]
[White "Richmond, Peter"]
[Black "Pickard, Charles"]
[Result "1/2-1/2"]
[WhiteElo "2154"]
[BlackElo "2116"]
[PlyCount "50"]
[EventDate "2014.11.15"]
[WhiteTeam "Brown Jack Witney"]
[BlackTeam "Cambridge University 2"]

1. e4 c5 2. Nf3 Nc6 3. d4 cxd4 4. Nxd4 e6 5. Be3 Nf6 6. Nc3 Bb4 7. Be2 Nxe4 8.
Ndb5 d5 9. O-O Nxc3 10. bxc3 Be7 11. c4 a6 12. cxd5 exd5 13. Nd4 O-O 14. Rb1
Bf6 15. Bf3 Ne5 16. a4 Re8 17. Nb3 Nxf3+ 18. Qxf3 Re4 19. h3 Rc4 20. Rfd1 Be6
21. Nc5 Qc8 22. Nxb7 Rxc2 23. Nd6 Qd7 24. Nf5 Qxa4 25. Bd4 Bxd4 1/2-1/2

[Event "4NCL Division 2a"]
[Site "Hinckley Island ENG"]
[Date "2014.11.15"]
[Round "1.46"]
[White "Somerfield, Adrian P"]
[Black "Rabbitt, Mike"]
[Result "1-0"]
[WhiteElo "2071"]
[BlackElo "2025"]
[PlyCount "109"]
[EventDate "2014.11.15"]
[WhiteTeam "Cambridge University 2"]
[BlackTeam "Brown Jack Witney"]

1. e4 e5 2. Nf3 Nc6 3. Bc4 Be7 4. c3 Nf6 5. d3 O-O 6. Bb3 d6 7. Nbd2 h6 8. Nf1
Re8 9. Ng3 Bf8 10. h3 Na5 11. Bc2 c5 12. Nh2 d5 13. Qf3 d4 14. Ng4 Nh7 15. Nh5
Re6 16. O-O Qe7 17. Qg3 Kh8 18. cxd4 cxd4 19. f4 Rc6 20. Ba4 Bxg4 21. Qxg4 Nf6
22. Qf3 Rb6 23. fxe5 Qxe5 24. Qf5 Qxf5 25. Rxf5 Nxh5 26. Rxa5 Nf6 27. Bb3 Bb4
28. Rf5 Rf8 29. Bf4 Kg8 30. Be5 Rc8 31. Raf1 Be7 32. Bxd4 Rd6 33. Bc5 Rxc5 34.
Rxc5 Rxd3 35. Rc7 Bd6 36. Rxf7 Bc5+ 37. Kh2 Bd6+ 38. Kg1 Bc5+ 39. Kh2 Bd6+ 40.
Kh1 Kh8 41. e5 Rxb3 42. axb3 Bxe5 43. Rxb7 Ne4 44. Rf8+ Kh7 45. g4 Bd4 46. Kg2
Ng5 47. Ra8 Ne6 48. h4 Kg6 49. Kf3 Kf6 50. b4 Ke5 51. Re8 Kd6 52. Rxe6+ Kxe6
53. Ke4 Bxb2 54. Rxa7 Bf6 55. Ra6+ 1-0

[Event "4NCL Division 2a"]
[Site "Hinckley Island ENG"]
[Date "2014.11.15"]
[Round "1.47"]
[White "Whatley, Stephen"]
[Black "Robertson, Stuart"]
[Result "0-1"]
[WhiteElo "1941"]
[BlackElo "2059"]
[PlyCount "64"]
[EventDate "2014.11.15"]
[WhiteTeam "Brown Jack Witney"]
[BlackTeam "Cambridge University 2"]

1. e4 c5 2. Nf3 Nc6 3. d4 cxd4 4. Nxd4 Nf6 5. Nc3 e5 6. Ndb5 d6 7. Bg5 a6 8.
Na3 b5 9. Nd5 Be7 10. Bxf6 Bxf6 11. c3 O-O 12. Nc2 Bg5 13. h4 Bh6 14. a4 bxa4
15. Rxa4 a5 16. b4 f5 17. Nde3 Bxe3 18. Nxe3 Ne7 19. Nc4 Rf6 20. Nxa5 Qc7 21.
Bc4+ Kh8 22. Qb3 fxe4 23. O-O Bd7 24. Raa1 Raf8 25. b5 Qb6 26. Kh1 Nf5 27. Qc2
e3 28. Qd3 exf2 29. Bd5 Nxh4 30. Bc6 Bxc6 31. Nxc6 Rh6 32. g4 Ng6+ 0-1

[Event "4NCL Division 2a"]
[Site "Hinckley Island ENG"]
[Date "2014.11.16"]
[Round "2.211"]
[White "Kett, Timothy J"]
[Black "Gordon, Stephen J"]
[Result "0-1"]
[WhiteElo "2215"]
[BlackElo "2497"]
[PlyCount "128"]
[EventDate "2014.11.16"]
[WhiteTeam "Rhyfelwyr Essyllwg 1"]
[BlackTeam "3Cs"]

1. e4 c5 2. Nf3 e6 3. d4 cxd4 4. Nxd4 a6 5. Bd3 Nf6 6. O-O Qc7 7. Nc3 d6 8. Bg5
Nbd7 9. Qe2 Be7 10. Rad1 O-O 11. Kh1 b5 12. Qf3 b4 13. Nce2 Bb7 14. Qh3 Rfe8
15. f3 Nf8 16. Bd2 d5 17. Ng3 Rad8 18. c3 dxe4 19. Bxe4 Nxe4 20. fxe4 Bd6 21.
Nde2 Be5 22. Qg4 Ng6 23. h4 Rd3 24. Bg5 Rxd1 25. Rxd1 bxc3 26. bxc3 Bd6 27. h5
Ne5 28. Qh4 h6 29. Be3 Be7 30. Qh3 Rd8 31. Rxd8+ Qxd8 32. Bd4 Bf6 33. Nf4 Qa5
34. Ng6 Nd3 35. Nf5 Bxe4 36. Nfe7+ Bxe7 37. Nxe7+ Kf8 38. Qg4 Kxe7 39. Qxe4
Qxh5+ 40. Kg1 Qd1+ 41. Kh2 e5 42. Qb7+ Kf6 43. Qxa6+ Kf5 44. Qc8+ Kg6 45. Qc6+
f6 46. Qe4+ f5 47. Qc6+ Kh7 48. Be3 e4 49. Qd5 Qg4 50. Bb6 Nf4 51. Qd2 Ne2 52.
Qe3 Qh4+ 53. Qh3 Qxh3+ 54. Kxh3 Nxc3 55. a3 g5 56. Bd4 Na4 57. g4 f4 58. Kg2
Kg6 59. Kh3 Kf7 60. Kg2 Ke7 61. Bg7 Nc5 62. Bxh6 Ne6 63. a4 Kd6 64. Kf2 Kc5 0-1

[Event "4NCL Division 2a"]
[Site "Hinckley Island ENG"]
[Date "2014.11.16"]
[Round "2.212"]
[White "Ashton, Adam G"]
[Black "Strugnell, Carl P"]
[Result "1/2-1/2"]
[WhiteElo "2398"]
[BlackElo "2241"]
[PlyCount "91"]
[EventDate "2014.11.16"]
[WhiteTeam "3Cs"]
[BlackTeam "Rhyfelwyr Essyllwg 1"]

1. e4 e6 2. d4 d5 3. Nd2 Nf6 4. e5 Nfd7 5. f4 c5 6. Ngf3 Nc6 7. Nb3 a5 8. a4
Qb6 9. c3 cxd4 10. Nbxd4 Nxd4 11. Nxd4 Nc5 12. Bd3 Nxd3+ 13. Qxd3 Bc5 14. O-O
O-O 15. Be3 Bd7 16. Nc2 Bxe3+ 17. Nxe3 Qb3 18. Rf2 f6 19. exf6 Rxf6 20. Qd4 Ra6
21. Ng4 Rf8 22. Ne5 Be8 23. Nd3 Rc6 24. Ne5 Ra6 25. h4 Qb6 26. Rd1 Qxd4 27.
Rxd4 Bg6 28. Nxg6 hxg6 29. Re2 Rc8 30. Kf2 Kf7 31. Ke3 Rac6 32. g3 Rc4 33. Red2
R4c5 34. Kd3 Kf6 35. Re2 Kf5 36. Re5+ Kf6 37. Re2 Kf5 38. Re5+ Kf6 39. h5 Rh8
40. hxg6 Rh3 41. Re3 Rh1 42. Kc2 Rh2+ 43. Rd2 Rxd2+ 44. Kxd2 Kxg6 45. Re5 Kf6
46. Kd3 1/2-1/2

[Event "4NCL Division 2a"]
[Site "Hinckley Island ENG"]
[Date "2014.11.16"]
[Round "2.213"]
[White "Trevelyan, John"]
[Black "Bentley, John L"]
[Result "1/2-1/2"]
[WhiteElo "2125"]
[BlackElo "2234"]
[PlyCount "123"]
[EventDate "2014.11.16"]
[WhiteTeam "Rhyfelwyr Essyllwg 1"]
[BlackTeam "3Cs"]

1. d4 Nf6 2. c4 g6 3. Nc3 Bg7 4. e4 d6 5. Be2 O-O 6. Nf3 a6 7. O-O Bg4 8. h3
Bxf3 9. Bxf3 Nfd7 10. Be2 Nc6 11. Be3 e5 12. d5 Nd4 13. Qd2 c5 14. Bd1 Rb8 15.
a4 f5 16. f3 f4 17. Bf2 g5 18. Ra3 h5 19. Be2 Bh6 20. Bxd4 exd4 21. Nd1 a5 22.
Nf2 Ne5 23. b3 b6 24. Nd3 Qf6 25. Nxe5 Qxe5 26. Qd3 Rb7 27. Ra2 Rg7 28. Bd1 g4
29. fxg4 f3 30. Rxf3 Rxf3 31. Bxf3 Be3+ 32. Kf1 Qh2 33. Rc2 hxg4 34. hxg4 Rh7
35. Qd1 Qf4 36. Ke2 Rh2 37. Kd3 Qg3 38. Re2 Bg5 39. Qe1 Qe5 40. g3 Rh3 41. Rg2
Bf4 42. Rg1 Bxg3 43. Qe2 Bh4 44. Qf1 Rh2 45. Rg2 Bg5 46. Rxh2 Qxh2 47. Qd1 Qf4
48. Kc2 Qe3 49. Be2 Kg7 50. Bd3 Bf4 51. Kb1 Kf6 52. Bc2 Kg5 53. Bd3 Kf6 54. Bc2
Kf7 55. Ka2 Be5 56. Qd3 Qf2 57. Kb1 Kg7 58. Bd1 Qe1 59. Ka2 Kg6 60. Kb1 Kg5 61.
Kc2 Qf2+ 62. Qd2+ 1/2-1/2

[Event "4NCL Division 2a"]
[Site "Hinckley Island ENG"]
[Date "2014.11.16"]
[Round "2.214"]
[White "Abbas, Daniel"]
[Black "Brown, Tom"]
[Result "1/2-1/2"]
[WhiteElo "1996"]
[BlackElo "2048"]
[PlyCount "176"]
[EventDate "2014.11.16"]
[WhiteTeam "3Cs"]
[BlackTeam "Rhyfelwyr Essyllwg 1"]

1. e4 c6 2. d4 d5 3. e5 Bf5 4. Nf3 e6 5. Be2 Nd7 6. O-O Ne7 7. Nbd2 h6 8. Nb3
Nc8 9. Be3 Be7 10. Ne1 Ncb6 11. Bd3 Nc4 12. Bc1 Qc7 13. Qf3 Bxd3 14. Nxd3 Rf8
15. Nd2 O-O-O 16. Qh3 g5 17. b3 Nxd2 18. Bxd2 Rh8 19. Rac1 Kb8 20. c4 Nf8 21.
b4 dxc4 22. Rxc4 b5 23. Rc3 Qd7 24. Be3 Ng6 25. Rfc1 Nf4 26. Qf3 Nxd3 27. Rxd3
Bxb4 28. Rb3 Ba5 29. Rxc6 Qd5 30. Rc5 Qxf3 31. Rcxb5+ Bb6 32. gxf3 Ka8 33. R3b4
Rd7 34. Rc4 Rhd8 35. Rbb4 Rd5 36. Kg2 f5 37. exf6 Rf8 38. Rb3 Rxf6 39. Rbc3
Rdf5 40. Bc1 Rd5 41. Bb2 Kb7 42. Re3 Rdf5 43. Rc2 Rg6 44. Re4 Ra5 45. a3 Rb5
46. Re5 Rb3 47. Re3 Rb5 48. Re4 Rb3 49. Ree2 g4 50. Re3 gxf3+ 51. Kxf3 Rb5 52.
Ke2 Rh5 53. Rg3 Rf6 54. h3 Rhf5 55. f3 Rd5 56. Rg4 h5 57. Re4 Rg6 58. f4 Rb5
59. Bc1 Rg3 60. Re3 Rxe3+ 61. Bxe3 Rb3 62. a4 Ra3 63. Rc4 Ra2+ 64. Kf3 Rh2 65.
Kg3 Re2 66. Kf3 Rh2 67. Kg3 Re2 68. Rc3 Ra2 69. Kh4 Rxa4 70. Kxh5 Bxd4 71. Bxd4
Rxd4 72. Kg5 Rd5+ 73. Kg6 Rd6 74. Kf6 Rc6 75. Ra3 Kb6 76. h4 a5 77. h5 Rc5 78.
Kxe6 Rxh5 79. f5 Kb5 80. f6 Kb4 81. Rf3 a4 82. f7 Rh8 83. f8=Q+ Rxf8 84. Rxf8
a3 85. Kd5 a2 86. Ra8 Kb3 87. Kd4 Kb2 88. Rxa2+ Kxa2 1/2-1/2

[Event "4NCL Division 2a"]
[Site "Hinckley Island ENG"]
[Date "2014.11.16"]
[Round "2.215"]
[White "Young, Alan"]
[Black "Walton, Alan J"]
[Result "0-1"]
[WhiteElo "2042"]
[BlackElo "2113"]
[PlyCount "84"]
[EventDate "2014.11.16"]
[WhiteTeam "Rhyfelwyr Essyllwg 1"]
[BlackTeam "3Cs"]

1. e4 e6 2. d4 d5 3. Nc3 Nf6 4. Bg5 Be7 5. e5 Nfd7 6. h4 a6 7. Qg4 Bxg5 8. hxg5
c5 9. Nf3 cxd4 10. Qxd4 Nc6 11. Qf4 Qc7 12. O-O-O Ne7 13. Bd3 Nf8 14. Kb1 Bd7
15. Rhe1 Nfg6 16. Bxg6 Nxg6 17. Qb4 Bc6 18. Rd3 Qe7 19. Qg4 h6 20. Ne2 Bb5 21.
Rc3 Bxe2 22. Rxe2 hxg5 23. Re1 Qd8 24. a3 Rc8 25. Qa4+ Kf8 26. Qb4+ Kg8 27.
Qxb7 Rxc3 28. bxc3 g4 29. Nd4 Rh2 30. f4 gxf3 31. gxf3 Qg5 32. Qb4 Kh7 33. Nc6
Qg2 34. Nd4 Qg5 35. Nc6 Qd2 36. Rc1 Nf4 37. Qb3 Ne2 38. Rf1 Nxc3+ 39. Kb2 Nd1+
40. Kb1 Ne3 41. Rc1 Nc4 42. a4 Qxc1+ 0-1

[Event "4NCL Division 2a"]
[Site "Hinckley Island ENG"]
[Date "2014.11.16"]
[Round "2.216"]
[White "Horton, Jamie A"]
[Black "Spice, Alan P"]
[Result "1-0"]
[WhiteElo "2028"]
[BlackElo "2118"]
[PlyCount "117"]
[EventDate "2014.11.16"]
[WhiteTeam "3Cs"]
[BlackTeam "Rhyfelwyr Essyllwg 1"]

1. e4 e6 2. d4 d5 3. Nc3 Nf6 4. Bg5 Bb4 5. exd5 Bxc3+ 6. bxc3 Qxd5 7. Bxf6 gxf6
8. Qd2 Nc6 9. Nf3 Bd7 10. Be2 O-O-O 11. O-O Rhg8 12. g3 e5 13. dxe5 Qxd2 14.
Nxd2 Bf5 15. Nf3 fxe5 16. Bb5 f6 17. Rac1 Be4 18. Nh4 Rd2 19. Ba4 Rgd8 20. Rfe1
Bd5 21. Bb3 Ne7 22. Kf1 Bc6 23. Re2 Rd1+ 24. Rxd1 Rxd1+ 25. Re1 Rd2 26. Re2
Rd1+ 27. Re1 Rxe1+ 28. Kxe1 Kd7 29. Ke2 Kd6 30. f3 a5 31. Ng2 b5 32. Bf7 f5 33.
Ne3 f4 34. Ng2 fxg3 35. hxg3 Nf5 36. Kf2 Nh6 37. Bh5 Bd5 38. a3 Be6 39. Be8 c6
40. g4 Ng8 41. g5 Ne7 42. Ke2 Nd5 43. Kd2 Nc7 44. Bh5 Bh3 45. Ne3 Ne6 46. g6 h6
47. Bg4 Bxg4 48. fxg4 Ng7 49. Kd3 Ke6 50. c4 b4 51. axb4 axb4 52. Nf5 Nxf5 53.
gxf5+ Kf6 54. Ke3 h5 55. Kf3 c5 56. Ke4 h4 57. Kf3 h3 58. Kg3 e4 59. Kxh3 1-0

[Event "4NCL Division 2a"]
[Site "Hinckley Island ENG"]
[Date "2014.11.16"]
[Round "2.217"]
[White "Hewitt, William AR"]
[Black "Lea, Daniel J"]
[Result "1/2-1/2"]
[WhiteElo "2058"]
[BlackElo "1931"]
[PlyCount "45"]
[EventDate "2014.11.16"]
[WhiteTeam "Rhyfelwyr Essyllwg 1"]
[BlackTeam "3Cs"]

1. e4 e6 2. d4 d5 3. Nc3 Nf6 4. Bg5 Be7 5. e5 Nfd7 6. Bxe7 Qxe7 7. f4 a6 8. Nf3
c5 9. dxc5 Nxc5 10. Qd2 Nc6 11. O-O-O Bd7 12. Bd3 O-O-O 13. Rhe1 Nxd3+ 14. cxd3
Kb8 15. Kb1 Rc8 16. Rc1 Qb4 17. d4 Na5 18. Ne4 Qxd2 19. Nexd2 Bb5 20. b3 h6 21.
Re3 Rc7 22. Rxc7 Kxc7 23. Kc2 1/2-1/2

[Event "4NCL Division 2a"]
[Site "Hinckley Island ENG"]
[Date "2014.11.16"]
[Round "2.218"]
[White "Burke, Mitchell R"]
[Black "Smith, Olivia"]
[Result "1/2-1/2"]
[WhiteElo "1929"]
[BlackElo "1996"]
[PlyCount "80"]
[EventDate "2014.11.16"]
[WhiteTeam "3Cs"]
[BlackTeam "Rhyfelwyr Essyllwg 1"]

1. e4 e5 2. f4 exf4 3. Bc4 Nf6 4. Nc3 d6 5. d4 g5 6. h4 Qe7 7. Qd3 Bh6 8. hxg5
Bxg5 9. Nf3 Rg8 10. Nxg5 Rxg5 11. Bxf4 Rxg2 12. O-O-O Nc6 13. e5 Nb4 14. Qf3
Rxc2+ 15. Kb1 Bf5 16. Ka1 dxe5 17. dxe5 Rxc3 18. Qxc3 Ne4 19. Qb3 Nf2 20. Bxf7+
Qxf7 21. Qxb4 Nxd1 22. Rxd1 c6 23. Qd6 Be6 24. Bg5 Qd7 25. Rh1 Qxd6 26. exd6
Bf5 27. Rf1 Bg6 28. b3 Kd7 29. Be7 Rg8 30. Kb2 h5 31. Kc3 Rh8 32. Rg1 Bf7 33.
Rg7 Ke6 34. Bh4 Rf8 35. Be7 Rg8 36. Rxg8 Bxg8 37. Kd4 h4 38. Bxh4 Kxd6 39. Bg3+
Kd7 40. a3 Bd5 1/2-1/2

[Event "4NCL Division 2a"]
[Site "Hinckley Island ENG"]
[Date "2014.11.16"]
[Round "2.221"]
[White "Bamber, Elaine"]
[Black "Mayhew, Andy"]
[Result "0-1"]
[WhiteElo "2115"]
[BlackElo "2120"]
[PlyCount "94"]
[EventDate "2014.11.16"]
[WhiteTeam "Cambridge University 2"]
[BlackTeam "Anglian Avengers 1"]

1. e4 c5 2. Nc3 d6 3. f4 Nc6 4. Nf3 g6 5. Bc4 Bg7 6. O-O e6 7. d3 Nge7 8. Qe1
Nd4 9. Nxd4 cxd4 10. Ne2 O-O 11. Kh1 d5 12. Bb3 a5 13. Ba4 dxe4 14. dxe4 b6 15.
Bb5 Ba6 16. Bxa6 Rxa6 17. c3 dxc3 18. Nxc3 a4 19. Qe2 Ra5 20. a3 Qb8 21. Nb5
Qe8 22. Nd6 Qc6 23. e5 Rc5 24. Bd2 Rc2 25. Rac1 Nd5 26. Qe4 Rc5 27. Rxc5 bxc5
28. Rc1 Rb8 29. Bc3 Qa6 30. Qf3 Nxc3 31. bxc3 Rb3 32. Qe3 Qc6 33. Nc4 Qb5 34.
Qd3 Bf8 35. Rd1 h5 36. h3 Qa6 37. Kh2 h4 38. g3 hxg3+ 39. Kxg3 Qa8 40. Qe3 Qa6
41. Qd3 Be7 42. h4 Kg7 43. Kh3 Qa8 44. Qe3 Qh8 45. Rd3 Qxh4+ 46. Kg2 Rb1 47.
Qf3 Qh1+ 0-1

[Event "4NCL Division 2a"]
[Site "Hinckley Island ENG"]
[Date "2014.11.16"]
[Round "2.222"]
[White "Taylor, Adam"]
[Black "Lee, Richard WY"]
[Result "1/2-1/2"]
[WhiteElo "2048"]
[BlackElo "2149"]
[PlyCount "130"]
[EventDate "2014.11.16"]
[WhiteTeam "Anglian Avengers 1"]
[BlackTeam "Cambridge University 2"]

1. Nf3 d5 2. c4 e6 3. g3 Nf6 4. Bg2 Be7 5. O-O O-O 6. d4 c6 7. Qc2 Nbd7 8. Nbd2
b6 9. e4 Ba6 10. Re1 Rc8 11. Qa4 Bxc4 12. Nxc4 b5 13. Qxa7 bxc4 14. exd5 cxd5
15. Qa4 Ra8 16. Qc2 Qb6 17. Bd2 Ra6 18. b3 cxb3 19. axb3 Ne4 20. Rxa6 Qxa6 21.
Bf1 Qb6 22. Bf4 Qb7 23. Rc1 Ndf6 24. Bd3 Ra8 25. Nd2 Nxd2 26. Bxd2 Qb6 27. Be3
Kf8 28. Bxh7 Rb8 29. Bd3 Qxb3 30. Qxb3 Rxb3 31. Rc8+ Ne8 32. Bc2 Ra3 33. Kg2
Bd6 34. Bg5 Ra7 35. Bd3 Rc7 36. Ra8 Rb7 37. Bc2 Rb8 38. Ra6 Bc7 39. Ba4 Rb7 40.
Bc1 Rb8 41. Ba3+ Kg8 42. Bc5 Nf6 43. Rc6 Rb7 44. Bc2 g6 45. Bd3 Ba5 46. Rc8+
Kh7 47. Bd6 Bd2 48. Be5 Ng8 49. Rc2 Bh6 50. h4 Bg7 51. h5 Ne7 52. hxg6+ Nxg6
53. Bxg6+ Kxg6 54. Bxg7 Kxg7 55. Rc3 Rb4 56. Rd3 Kg6 57. Kf3 Kg5 58. Ke3 Kg4
59. Ra3 Rb1 60. Ra7 Rb3+ 61. Ke2 Rb2+ 62. Ke3 Rb3+ 63. Ke2 Rf3 64. Ra8 Rf5 65.
Rh8 Rg5 1/2-1/2

[Event "4NCL Division 2a"]
[Site "Hinckley Island ENG"]
[Date "2014.11.16"]
[Round "2.223"]
[White "Pickard, Charles"]
[Black "Lewis, Andrew"]
[Result "1-0"]
[WhiteElo "2116"]
[BlackElo "2279"]
[PlyCount "133"]
[EventDate "2014.11.16"]
[WhiteTeam "Cambridge University 2"]
[BlackTeam "Anglian Avengers 1"]

1. Nf3 Nf6 2. c4 g6 3. g3 Bg7 4. Bg2 O-O 5. O-O d6 6. d4 Nbd7 7. Qc2 e5 8. Rd1
Re8 9. d5 a5 10. Nc3 Nc5 11. e4 Bd7 12. Ne1 b6 13. Nd3 Ng4 14. f3 Nh6 15. Be3
f5 16. Qd2 Nf7 17. Nxc5 bxc5 18. a4 f4 19. gxf4 exf4 20. Bxf4 Ne5 21. Bg5 Qb8
22. Qe2 Qb4 23. Nb5 Rec8 24. Rdc1 Nf7 25. Bd2 Qxb2 26. Rcb1 Qf6 27. f4 Qh4 28.
Ra3 g5 29. e5 dxe5 30. fxg5 Nd6 31. Rc1 e4 32. Nxd6 cxd6 33. Qe1 Qh5 34. Bc3
Bxc3 35. Raxc3 Re8 36. Re3 Re5 37. h4 Rb8 38. Qg3 Qg4 39. Qxg4 Bxg4 40. Rxe4
Rxe4 41. Bxe4 Rb4 42. Bd3 Rxa4 43. Re1 Ra3 44. Bb1 Rb3 45. Kf2 Ra3 46. Bc2 Ra2
47. Kg3 Rxc2 48. Kxg4 Kf7 49. Rf1+ Ke8 50. h5 Rxc4+ 51. Kf5 Rd4 52. Re1+ Kd7
53. Kf6 Rxd5 54. Re7+ Kc6 55. Rxh7 c4 56. g6 Rd1 57. g7 Rg1 58. Ke6 Re1+ 59.
Kf5 Rf1+ 60. Ke4 d5+ 61. Ke3 Rg1 62. h6 Kc5 63. Rh8 d4+ 64. Kf2 Rg6 65. g8=Q
Rxg8 66. Rxg8 d3 67. h7 1-0

[Event "4NCL Division 2a"]
[Site "Hinckley Island ENG"]
[Date "2014.11.16"]
[Round "2.224"]
[White "Talsma, Paul"]
[Black "Hill, Alistair"]
[Result "0-1"]
[WhiteElo "2193"]
[BlackElo "2099"]
[PlyCount "94"]
[EventDate "2014.11.16"]
[WhiteTeam "Anglian Avengers 1"]
[BlackTeam "Cambridge University 2"]

1. d4 Nf6 2. c4 g6 3. Nc3 d5 4. Nf3 Bg7 5. e3 O-O 6. cxd5 Nxd5 7. Bc4 Nxc3 8.
bxc3 c5 9. O-O Qc7 10. Qe2 Nc6 11. Bb2 Bg4 12. Rac1 e5 13. h3 Bxf3 14. Qxf3
exd4 15. cxd4 cxd4 16. Bxd4 Bxd4 17. exd4 Nxd4 18. Qf6 Nc6 19. Bd5 Qa5 20. Rfd1
Rad8 21. Qg5 Kg7 22. Rc2 h6 23. Qd2 Rxd5 24. Qxd5 Qxd5 25. Rxd5 Nb4 26. Rdd2
Nxc2 27. Rxc2 Re8 28. Rc7 Re1+ 29. Kh2 Rb1 30. Kg3 Kf6 31. Kf3 a5 32. a4 Rb3+
33. Ke4 Ke6 34. g4 Rxh3 35. Rxb7 Ra3 36. Rb6+ Ke7 37. Rb7+ Kf6 38. Rb5 Rxa4+
39. Kf3 g5 40. Rf5+ Kg6 41. Rb5 Rf4+ 42. Kg3 a4 43. f3 h5 44. Rb6+ f6 45. gxh5+
Kxh5 46. Ra6 Kg6 47. Ra7 Kf5 0-1

[Event "4NCL Division 2a"]
[Site "Hinckley Island ENG"]
[Date "2014.11.16"]
[Round "2.225"]
[White "Beckett, Chris J"]
[Black "Gray, Mark"]
[Result "1/2-1/2"]
[WhiteElo "2144"]
[BlackElo "2093"]
[PlyCount "62"]
[EventDate "2014.11.16"]
[WhiteTeam "Cambridge University 2"]
[BlackTeam "Anglian Avengers 1"]

1. d4 d5 2. c4 e6 3. Nc3 c6 4. e3 Nf6 5. Nf3 Nbd7 6. Bd3 dxc4 7. Bxc4 b5 8. Bd3
Bd6 9. O-O O-O 10. a3 Bb7 11. Qc2 a6 12. b4 a5 13. Rb1 axb4 14. axb4 Qe7 15. e4
e5 16. Ne2 Ra4 17. Ng3 Bxb4 18. Nf5 Qe8 19. d5 Nb8 20. Rxb4 Rxb4 21. Ba3 cxd5
22. Nd6 Qe7 23. Bxb4 dxe4 24. Nxe4 Qxb4 25. Rb1 Qe7 26. Nxf6+ Qxf6 27. Bxh7+
Kh8 28. Be4 Rc8 29. Qe2 Bxe4 30. Qxe4 Nd7 31. h3 Rb8 1/2-1/2

[Event "4NCL Division 2a"]
[Site "Hinckley Island ENG"]
[Date "2014.11.16"]
[Round "2.226"]
[White "Player, Edmund"]
[Black "Somerfield, Adrian P"]
[Result "0-1"]
[WhiteElo "2257"]
[BlackElo "2071"]
[PlyCount "120"]
[EventDate "2014.11.16"]
[WhiteTeam "Anglian Avengers 1"]
[BlackTeam "Cambridge University 2"]

1. e4 c6 2. d4 d5 3. Nc3 dxe4 4. Nxe4 Bf5 5. Ng3 Bg6 6. Nf3 Nd7 7. h4 h6 8. h5
Bh7 9. Bd3 Bxd3 10. Qxd3 e6 11. Bf4 Qa5+ 12. Bd2 Bb4 13. c3 Be7 14. c4 Qc7 15.
O-O-O Ngf6 16. Kb1 b5 17. Rc1 Qb7 18. Ne5 O-O 19. Rc2 bxc4 20. Qxc4 Rac8 21.
Ng6 Nb6 22. Nxe7+ Qxe7 23. Qb4 Qd7 24. Be3 Rb8 25. Qd2 Nbd5 26. Rhc1 Nxe3 27.
fxe3 Rfc8 28. Rc5 Qd6 29. Qf2 Rb6 30. Qf3 Rcb8 31. R1c2 Nd5 32. a3 Rb3 33. Rxc6
Qxa3 34. Rc8+ Rxc8 35. Rxc8+ Kh7 36. Rc2 Nc3+ 37. Kc1 Qa1+ 38. Kd2 Rxb2 39.
Kxc3 Qa3+ 40. Kd2 Qb4+ 41. Kd1 Rb1+ 42. Ke2 Qe1+ 43. Kd3 Rb3+ 44. Ke4 Qb1 45.
Qxf7 Qxc2+ 46. Kf3 Qc6+ 47. Ne4 Rb8 48. Kf4 e5+ 49. Kf5 exd4 50. Qg6+ Qxg6+ 51.
hxg6+ Kg8 52. exd4 Rf8+ 53. Ke5 Re8+ 54. Kf5 a5 55. Nc5 Ra8 56. Na4 Ra6 57. d5
Rf6+ 58. Ke5 Rxg6 59. d6 Kf7 60. Nb6 Rxg2 0-1

[Event "4NCL Division 2a"]
[Site "Hinckley Island ENG"]
[Date "2014.11.16"]
[Round "2.227"]
[White "Robertson, Stuart"]
[Black "Gregory, Steve"]
[Result "1-0"]
[WhiteElo "2059"]
[BlackElo "2083"]
[PlyCount "83"]
[EventDate "2014.11.16"]
[WhiteTeam "Cambridge University 2"]
[BlackTeam "Anglian Avengers 1"]

1. d4 Nf6 2. c4 Nc6 3. Nc3 e5 4. d5 Ne7 5. e4 Ng6 6. h4 h5 7. Bg5 Bc5 8. Be2 c6
9. Qc2 d6 10. Bf3 Qc7 11. Bxf6 gxf6 12. g3 Bd7 13. O-O-O O-O-O 14. Qe2 Qb6 15.
Na4 Qa5 16. Nxc5 Qxc5 17. Kb1 f5 18. Bxh5 fxe4 19. Nh3 Rxh5 20. Qxh5 Qxc4 21.
Qg5 Qe2 22. dxc6 Bxc6 23. Rhe1 Qc4 24. Qf6 Kc7 25. Ng5 Rd7 26. h5 Ne7 27. h6
Nd5 28. Rxd5 Qxd5 29. h7 Qd3+ 30. Ka1 Qd2 31. Rb1 Bd5 32. h8=Q Bxa2 33. Qh1
Bxb1 34. Nxe4 Bxe4 35. Qxe4 Qd1+ 36. Ka2 b5 37. Qh6 f5 38. Qxf5 b4 39. Qe3 Qa4+
40. Kb1 Rg7 41. Qc1+ Kb6 42. Qfc8 1-0